000 00312 a2200157 4500
001 167042
020 _a
040 _cMagnum
100 _aBenjamin, Walter
240 1 0 _aRua de mao unica
_lpor
245 1 0 _aRua de mao unica
362 0 _a1899
440 1 _aBrasiliense
697 _aADULTA
942 _cBK
999 _c167042
_d167042